000 00485nam a22001697a 4500
003 NUST - PNEC
005 20170116180919.0
008 150904b xxu||||| |||| 00| 0 eng d
020 _a0853124817
040 _cLIBRARY
082 _a620.0042 OSY
100 _97626
_aOsyczka, Andrzej
245 _aMulticriterion optimization in engineering with FORTRAN programs
_cAndrzej Osyczka
260 _cc 1984
650 _97628
_aFORTRAN (Computer program language)
_xME
942 _2ddc
_cBK
999 _c65548
_d65548